000 02391nam a2200613 a 4500
001
003 DO-SdBNP
005 20230131121046.0
008 090918s1981 dr 001 0 spa d
020 _a8489525072
040 _aBPMSU
_bspa
_cBPMSU
049 _a
082 4 _aRD868.08
_bA634L 1981
_222
092 _a
245 0 0 _aAntología literaria dominicana /
_ceditor Margarita Vallejo de Paredes ; colaboradores Lilia Portalatín Sosa, Pedro Pablo Paredes V., Jorge Max Fernández.
260 _aSanto Domingo :
_bINTEC,
_c1981.
300 _a5 v. ;
_c28 cm.
500 _aIncluye referencias bibliográficas y notas al pie de las páginas
505 0 _av.1. Poesía.-- v. 2. Cuento.-- v. 3. Teatro.-- v. 4. Discursos, semblanzas y ensayos. -- v. 5. Folklore e índice acumulativo.
590 _6Inventariado, 2021/VM
650 4 _aLiteratura dominicana
_xColecciones
650 4 _a Literatura dominicana
_xHistoria y crítica.
650 4 _aCuentos dominicanos
_vColecciones
650 4 _aTeatro dominicano
_x
650 4 _aPoesía dominicana
_vColecciones
650 4 _aEnsayos dominicanos
650 4 _aAutores dominicanos
700 1 2 _aVallejo de Paredes, Margarita,
_eed.
700 1 2 _aPortalatín Sosa, Lilia
700 1 2 _aPablo Paresdes V., Pedro Pablo
700 1 2 _aFernández, Jorge Max
710 2 _aInstituto Tecnológico de Santo Domingo
910 _aVMateo V.
942 _2ddc
_cBK
956 _aVGENAO
_b40
_c20090918
_lBND01
_h0937
956 _aVGENAO
_b40
_c20090918
_lBND01
_h0937
956 _aVGENAO
_b10
_c20090918
_lBND01
_h0947
956 _aBTAVAREZ
_b10
_c20090921
_lBND01
_h1443
956 _aARIVERA
_b10
_c20090928
_lBND01
_h1243
956 _aARIVERA
_b10
_c20090928
_lBND01
_h1340
956 _aARIVERA
_b10
_c20090928
_lBND01
_h1415
956 _aARIVERA
_b10
_c20090928
_lBND01
_h1416
956 _aMMOLINA
_b40
_c20090928
_lBND01
_h1534
956 _aBATCH
_b00
_c20091013
_lBND01
_h1512
956 _aMFILETO
_b10
_c20091020
_lBND01
_h1225
956 _aMFILETO
_b10
_c20091020
_lBND01
_h1329
956 _aMFILETO
_b10
_c20091020
_lBND01
_h1330
956 _aMFILETO
_b10
_c20091020
_lBND01
_h1435
956 _aARIVERA
_b10
_c20091111
_lBND01
_h1057
956 _aAROA
_b10
_c20091130
_lBND01
_h0951
956 _aDGARCIA
_b10
_c20100415
_lBND01
_h1015
956 _aMMOLINA
_b40
_c20110602
_lBND01
_h0903
956 _aMFILETO
_b40
_c20140603
_lBND01
_h1029
999 _c13666
_d13666